Statistics for US Cities with Most Polish Americans

Click here to take the quiz!

General Stats

  • This quiz has been taken 180 times
  • The average score is 12 of 20

Answer Stats

# of people (%) City State % Correct
213,447 (2.7)New YorkNY
99%
210,421 (7.3)ChicagoIL
97%
56,670 (1.5)Los AngelesCA
91%
65,508 (4.3)PhiladelphiaPA
83%
19,290 (0.9)HoustonTX
79%
22,978 (4.8)ClevelandOH
77%
32.050 (2.4)PhoenixAZ
77%
18,992 (2.0)DetroitMI
75%
25,201 (2.1)San DiegoCA
72%
28,178 (8.4)PittsburghPA
70%
34,254 (11.7)BuffaloNY
69%
57,465 (9.6)MilwaukeeWI
67%
18,400 (2.8)BaltimoreMD
63%
18,447 (4.2)OmahaNE
49%
31,792 (10.1)ToledoOH
48%
15,442 (7.8)Grand RapidsMI
38%
28,370 (21.0)WarrenMI
13%
21,530 (17.35)Sterling HeightsMI
8%
15,503 (18,1)ParmaOH
3%
37.560 (39.9)CheektowagaNY
1%

Score Distribution

Percentile by Number Answered

Percent of People with Each Score

Your Score History

You have not taken this quiz